Tous les titres de Mötley Crüe - Statistiques

Statistiques générales
  • Ce quiz a été pris 3 fois
  • Le résultat moyen est 30 sur 124
Statistiques - réponses
Albums Titres % Correct
Dr. Feelgood (1989) Dr. Feelgood
100%
Girls, Girls, Girls (1987) Girls, Girls, Girls
100%
Theatre of Pain (1985) Home Sweet Home
100%
Too Fast for Love (1981) Live Wire
100%
Shout at the Devil (1983) Shout at the Devil
100%
Theatre of Pain (1985) Smokin' in the Boys Room
100%
Too Fast for Love (1981) Too Fast for Love
100%
Too Fast for Love (1981) Come On and Dance
67%
Shout at the Devil (1983) Helter Skelter
67%
Dr. Feelgood (1989) Kickstart My Heart
67%
Too Fast for Love (1981) Piece of Your Action
67%
Shout at the Devil (1983) Red Hot
67%
Too Fast for Love (1981) Take Me to the Top
67%
Girls, Girls, Girls (1987) Wild Side
67%
New Tattoo (2000) 1st Band on the Moon
33%
Generation Swine (1997) Afraid
33%
Girls, Girls, Girls (1987) All in the Name Of...
33%
Girls, Girls, Girls (1987) Bad Boy Boogie
33%
Shout at the Devil (1983) Bastard
33%
Generation Swine (1997) Beauty
33%
Singles hors albums Cancelled
33%
Saints of Los Angeles (2008) Chicks = Trouble
33%
Bande originale - The Dirt (2019) Crash and Burn
33%
Girls, Girls, Girls (1987) Dancing on Glass
33%
Singles hors albums Dogs of War
33%
Dr. Feelgood (1989) Don't Go Away Mad (Just Go Away)
33%
Saints of Los Angeles (2008) Down at the Whisky
33%
New Tattoo (2000) Fake
33%
Supersonic and Demonic Relics (1999) Father
33%
Girls, Girls, Girls (1987) Five Years Dead
33%
Generation Swine (1997) Generation Swine
33%
New Tattoo (2000) Hell on High Heels
33%
Girls, Girls, Girls (1987) Jailhouse Rock
33%
Shout at the Devil (1983) Knock 'Em Dead, Kid
33%
Shout at the Devil (1983) Looks That Kill
33%
Theatre of Pain (1985) Louder Than Hell
33%
Too Fast for Love (1981) Merry-Go-Round
33%
Supersonic and Demonic Relics (1999) Monsterous
33%
Saints of Los Angeles (2008) Mutherfucker of the Year
33%
New Tattoo (2000) New Tattoo
33%
Too Fast for Love (1981) On with the Show
33%
Supersonic and Demonic Relics (1999) Primal Scream
33%
Too Fast for Love (1981) Public Enemy #1
33%
Saints of Los Angeles (2008) Saints of Los Angeles
33%
Dr. Feelgood (1989) Same Ol' Situation (S.O.S.)
33%
Supersonic and Demonic Relics (1999) Say Yeah
33%
Singles hors albums Sex
33%
Dr. Feelgood (1989) She Goes Down
33%
New Tattoo (2000) She Needs Rock & Roll
33%
Generation Swine (1997) Shout at the Devil '97
33%
Supersonic and Demonic Relics (1999) Sinners & Saints
33%
Mötley Crüe (1994) Smoke the Sky
33%
Too Fast for Love (1981) Starry Eyes
33%
Too Fast for Love (1981) Stick To Your Guns
33%
Dr. Feelgood (1989) Sticky Sweet
33%
Girls, Girls, Girls (1987) Sumthin' for Nuthin'
33%
Shout at the Devil (1983) Ten Seconds to Love
33%
Bande originale - The Dirt (2019) The Dirt (Est. 1981)
33%
Saints of Los Angeles (2008) This Ain’t a Love Song
33%
Mötley Crüe (1994) Til Death Do Us Part
33%
Dr. Feelgood (1989) T.N.T. (Terror 'n Tinseltown)
33%
Too Fast for Love (1981) Tonight
33%
Theatre of Pain (1985) Tonight (We Need a Lover)
33%
Shout at the Devil (1983) Too Young to Fall in Love
33%
New Tattoo (2000) Treat Me Like the Dog I Am
33%
Theatre of Pain (1985) Use It or Lose It
33%
Mötley Crüe (1994) Welcome to the Numb
33%
Saints of Los Angeles (2008) What’s It Gonna Take
33%
Singles hors albums All Bad Things
0%
Supersonic and Demonic Relics (1999) Anarchy in the U.K.
0%
Supersonic and Demonic Relics (1999) Angela
0%
Generation Swine (1997) Anybody Out There?
0%
Generation Swine (1997) A Rat Like Me
0%
Mötley Crüe (1994) Babykills (From Quarternary)
0%
Supersonic and Demonic Relics (1999) Bittersuite
0%
Generation Swine (1997) Brandon
0%
Theatre of Pain (1985) City Boy Blues
0%
Shout at the Devil (1983) Danger
0%
New Tattoo (2000) Dragstrip Superstar
0%
Mötley Crüe (1994) Driftaway
0%
Mötley Crüe (1994) Droppin' Like Flies
0%
Saints of Los Angeles (2008) Face Down in the Dirt
0%
Theatre of Pain (1985) Fight for Your Rights
0%
Generation Swine (1997) Find Myself
0%
Generation Swine (1997) Glitter
0%
Shout at the Devil (1983) God Bless the Children of the Beast
0%
Saints of Los Angeles (2008) Goin’ Out Swingin’
0%
Mötley Crüe (1994) Hammered
0%
New Tattoo (2000) Hollywood Ending
0%
Mötley Crüe (1994) | Supersonic and Demonic Relics (1999) Hooligan's Holiday
0%
Shout at the Devil (1983) In the Beginning
0%
Saints of Los Angeles (2008) Just Another Psycho
0%
Theatre of Pain (1985) Keep Your Eye on the Money
0%
Saints of Los Angeles (2008) L.A.M.F.
0%
Generation Swine (1997) Let Us Prey
0%
Mötley Crüe (1994) Loveshine
0%
Mötley Crüe (1994) Misunderstood
0%
Supersonic and Demonic Relics (1999) Mood Ring
0%
Girls, Girls, Girls (1987) Nona
0%
Supersonic and Demonic Relics (1999) Planet Bloom
0%
Mötley Crüe (1994) Poison Apples
0%
New Tattoo (2000) Porcelain
0%
Mötley Crüe (1994) Power to the Music
0%
New Tattoo (2000) Punched in the Teeth by Love
0%
Theatre of Pain (1985) Raise Your Hands to Rock
0%
Dr. Feelgood (1989) Rattlesnake Shake
0%
Bande originale - The Dirt (2019) Ride With the Devil
0%
Generation Swine (1997) Rocketship
0%
Supersonic and Demonic Relics (1999) Rock 'N' Roll Junkie
0%
Girls, Girls, Girls (1987) Rodeo
0%
Theatre of Pain (1985) Save Our Souls
0%
Dr. Feelgood (1989) Slice of Your Pie
0%
Supersonic and Demonic Relics (1999) So Good, So Bad
0%
Saints of Los Angeles (2008) The Animal in Me
0%
Dr. Feelgood (1989) Time for Change
0%
Too Fast for Love (1981) Toast of The Town
0%
Mötley Crüe (1994) Uncle Jack
0%
Saints of Los Angeles (2008) Welcome to the Machine
0%
New Tattoo (2000) | Saints of Los Angeles (2008) White Trash Circus
0%
Dr. Feelgood (1989) Without You
0%
Girls, Girls, Girls (1987) You're All I Need
0%
Aucun quiz correspondant
Distribution des résultats
% des personnes avec chaque résultat
Percentile par nombre de réponses
Votre historique - résultats
Vous n’avez pas pris ce quiz